Statistical methods in agriculture and experimental biology /
Guardado en:
| Autor Principal: | |
|---|---|
| Otros Autores: | , |
| Formato: | Libro |
| Idioma: | English |
| Publicado: |
London ; New York :
Chapman & Hall,
1993.
|
| Edición: | 2nd ed. |
| Materias: | |
| Etiquetas: |
Agregar Etiqueta
Sin Etiquetas, Sea el primero en etiquetar este registro!
|
| LEADER | 00930pam a2200265 a 4500 | ||
|---|---|---|---|
| 001 | MAT.inmabb006280 | ||
| 008 | 921013s1993####enka#####b####001#0#eng## | ||
| 005 | 20130404103803.0 | ||
| 245 | 1 | 0 | |a Statistical methods in agriculture and experimental biology / |c R. Mead, R.N. Curnow, and A.M. Hasted. |
| 250 | |a 2nd ed. | ||
| 260 | |a London ; |a New York : |b Chapman & Hall, |c 1993. | ||
| 300 | |a xi, 415 p. : |b il. ; |c 24 cm. | ||
| 504 | |a Incluye referencias bibliográficas (p. [403]-404) e índice. | ||
| 020 | |a 0412354705 (HB) | ||
| 020 | |a 0412354802 (PB) | ||
| 100 | 1 | |a Mead, R. |q (Roger) | |
| 700 | 1 | |a Curnow, R. N. | |
| 700 | 1 | |a Hasted, A. M. | |
| 650 | 0 | |a Agriculture |x Research |x Statistical methods. | |
| 650 | 0 | |a Agriculture |x Statistical methods. | |
| 650 | 0 | |a Biology, Experimental |x Statistical methods. | |
| 084 | |a 62P10 |2 msc2000 | ||
| 010 | |a 92038470 | ||
| 040 | |a DLC |c DLC |d DLC | ||
| 859 | |h 62 |i M479 |p A-7449 |b BIB. MATEMATICA | ||
